Tombik Ayı Uyuyamıyor (Kayıt no. 1295644)

MARC ayrıntıları
000 -LEADER
sabit uzunluktaki kontrol alanı 00277nam a2200109Ia 4500
001 - KONTROL NUMARASI
kontrol alanı 1295644
005 - EN SON İŞLEMİN TARİH VE ZAMANI
kontrol alanı 20260417170234.0
008 - SABİT-UZUNLUKTA VERİ ÖĞELERİ--GENEL BİLGİ
sabit uzunluktaki kontrol alanı 260417s9999 xx 000 0 und d
020 ## - ULUSLARARASI STANDART KİTAP NUMARASI
Uluslararası Standart Kitap Numarası 9789752127500
245 #0 - ESER / YAZAR
ESER ADI Tombik Ayı Uyuyamıyor
Yazar Adı Karma Wilson
260 ## - YAYIN, DAĞITIM, VB.
YAYIN EVİ Altın Kitaplar
Mevcut
Düşüm durumu Kayıp durumu Hasar Durumu Ödünç verilmez Ana kütüphane Geçerli Kütüphane Edinilen tarih Toplam ödünç verme sayısı Barkod Son görüntüleme tarihi Fiyatın geçerli olmaya başladığı tarih Koha materyal türü
        SULTAN MESUT İLKOKULU SULTAN MESUT İLKOKULU 17.04.2026   1045224 17.04.2026 17.04.2026 Kitaplar
Gemini Bilgi Teknolojileri A.Ş. tarafından düzenlenmiştir.